Ферротитан. Методы химического и физико-химического анализа; ГОСТ 14250.8-80 Ферротитан. Метод определения ванадия; ГОСТ 14250.9-80 Ферротитан. Метод определения молибдена; ГОСТ 14250.10-80 Ферротитан. Метод определения олова; ГОСТ 14250.11-80 Ферротитан. Метод определения циркония
| Autor corporatiu: | |
|---|---|
| Idioma: | rus |
| Publicat: |
Москва, Изд-во стандартов, 1980
|
| Edició: | Изд. офиц. |
| TOC: | ГОСТ 14250.8-80 Ферротитан. Метод определения ванадия; ГОСТ 14250.9-80 Ферротитан. Метод определения молибдена; ГОСТ 14250.10-80 Ферротитан. Метод определения олова; ГОСТ 14250.11-80 Ферротитан. Метод определения циркония; |
| Col·lecció: | Государственные стандарты |
| Matèries: | |
| Format: | Llibre |
| KOHA link: | https://koha.lib.tpu.ru/cgi-bin/koha/opac-detail.pl?biblionumber=154069 |
MARC
| LEADER | 00000nam0a2200000 4500 | ||
|---|---|---|---|
| 001 | 154069 | ||
| 005 | 20231031151640.0 | ||
| 035 | |a (RuTPU)RU\TPU\book\167122 | ||
| 035 | |a RU\TPU\book\167116 | ||
| 090 | |a 154069 | ||
| 100 | |a 20090220d1980 km y0rusy50 ca | ||
| 101 | 0 | |a rus | |
| 102 | |a RU | ||
| 105 | |a a l 000zy | ||
| 200 | 1 | |a Ферротитан. Методы химического и физико-химического анализа | |
| 205 | |a Изд. офиц. | ||
| 210 | |a Москва |c Изд-во стандартов |d 1980 | ||
| 215 | |a 79 с. |c табл. | ||
| 225 | 1 | |a Государственные стандарты | |
| 464 | |t ГОСТ 14250.8-80 Ферротитан. Метод определения ванадия | ||
| 464 | |t ГОСТ 14250.9-80 Ферротитан. Метод определения молибдена | ||
| 464 | |t ГОСТ 14250.10-80 Ферротитан. Метод определения олова | ||
| 464 | |t ГОСТ 14250.11-80 Ферротитан. Метод определения циркония | ||
| 610 | 1 | |a ГОСТы | |
| 610 | 1 | |a стандарты | |
| 610 | 1 | |a ферротитан | |
| 610 | 1 | |a методы определения | |
| 610 | 1 | |a химический анализ | |
| 610 | 1 | |a физико-химический анализ | |
| 712 | 0 | 1 | |a СССР |b Государственный комитет по стандартам (Госстандарт) |c (1978-1989) |2 stltpush |3 (RuTPU)RU\TPU\col\12454 |
| 801 | 2 | |a RU |b 63413507 |c 20221208 |g PSBO | |
| 942 | |c BK | ||